LEADER 01485nam a2200313ua 4500 001 000000132317 003 CaOOAMICUS 005 20130115125811.0 008 130115s2003 it d u000 u ita r 020 $a88-464-5062-0 040 $aPUL$bita 082 04$a361.7 245 03$aIl sottile filo della responsabilitą civica :$bgli italiani e la sfera pubblica: VIII Rapporto sull'associazionismo sociale /$ca cura di Cristiano Caltabiano ; prefazione di Ilvo Diamanti. 260 $aMilano :$bFranco Angeli,$c©2003. 300 $a360 p. :$bgraf., ;$c23 cm 490 1 $aAtmosfere sociali ;$v96.5 504 $aBibliografia in nota. 650 4$aResponsabilitą civile.$0(OLS)http://pul/subject/17546 700 1 $aDiamanti, Ilvo.$0(OLS)http://pul/name/35199 700 1 $aCaltabiano, Cristiano.$0(OLS)http://pul/name/48982 830 0$aAtmosfere sociali ;$v96.5.$0(OLS)http://pul/title/157366 850 $aPUL 852 $aPUL$W1$xSL Diritto e Scienze Sociali 3$y79$m361. 7 CALCR 1$j152268$qDDC 21$B151621$CPULBib$Z2$F151621 $H121411 $82 941 1 $a9 996 $6020$a88-464-5062-0$9(OLS)http://pul/number/151487 996 $6082$a361.7$9(OLS)http://pul/classification/2230 996 $6245$aIl sottile filo della responsabilitą civica :$bgli italiani e la sfera pubblica: VIII Rapporto sull'associazionismo sociale$9(OLS)http://pul/title/167160 996 $6260$aMilano :$bFranco Angeli$9(OLS)http://pul/publisher/52903 LEADER 00947nam a2200253 a 4500 001 000000167363 003 CaOOAMICUS 005 20180424150710.0 008 180424s1972 it u000 u ita r 032 $aLibriCat 040 $aPUL$bita 245 03$aIl libro di Giobbe / $ca cura di Guido Ceronetti . 260 $aMilano :$bAdelphi,$c©1967. 300 $a274 p. ;$c22 cm. 490 1 $aBiblioteca Adelphi ;$v41 630 04$aBiblia.$pV.T.$pIob.$0(OLS)http://pul/subject/17240 700 1 $aCeronetti, Guido.$0(OLS)http://pul/name/40836 830 0$aBiblioteca Adelphi ;$v41.$0(OLS)http://pul/title/22168 850 $aPUL 852 $aPUL$W1$xDP1 Fondo Dalla Palma$y117$m3 A 16$j41896$qFondi$B194927$CPULBib$Z2$F194927 $HDal2062 $81 941 1 $a1 996 $6245$aIl libro di Giobbe / $9(OLS)http://pul/title/207378 996 $6260$aMilano :$bAdelphi$9(OLS)http://pul/publisher/51018